Quick Pick: Singers' Real Names Quiz Stats

 Plays Quiz Updated Dec 5, 2017

Challenge
Share
Tweet
Embed
Score 0/10 Timer 01:00
1 Play Today
% Correct
Reginald Kenneth Dwight
80.2%
Gordon Sumner
74.4%
Alecia Beth Moore
72.1%
Robyn Fenty
59.8%
Brian Hugh Warner
56.3%
Peter Gene Hernandez
54.9%
Dana Owens
53.8%
Natalie McIntyre
50.2%
Marvin Lee Aday
48.9%
Chaim Weitz
46.5%

Today's Daily Dose

You're not logged in!

Compare scores with friends on all Sporcle quizzes.
Join for Free
OR
Log In

You Might Also Like...

Show Comments

Extras

Top Quizzes Today


Score Distribution

Your Account Isn't Verified!

In order to create a playlist on Sporcle, you need to verify the email address you used during registration. Go to your Sporcle Settings to finish the process.

Report this User

Report this user for behavior that violates our Community Guidelines.

Details: